| 000 | 00580nam a2200193Ia 4500 | ||
|---|---|---|---|
| 005 | 20250508152900.0 | ||
| 008 | 008 250505s9999 xx 000 0 eng d | ||
| 037 | _aTextual | ||
| 040 |
_aFEDL _beng _cFEDL |
||
| 041 |
_aeng _2eng |
||
| 084 |
_a915.51, BAR _qFEDL |
||
| 100 |
_aBary Theodore de (et. al) _9762639 |
||
| 245 | 0 | _aSources of Chinese tradition | |
| 260 |
_aNew York, USA _b Columbia University Press _c1960 |
||
| 300 | _axxiv,975p. | ||
| 490 | _aIntroduction to oriental civilizations | ||
| 942 |
_cTEXL _h915.51, BAR |
||
| 999 |
_c1339378 _d1339378 |
||